| 000 | 00468nam a2200169 i 4500 | ||
|---|---|---|---|
| 001 | bg | ||
| 245 | 0 |
_aFizyka klasyczna i jądrowa / _c[Z ros. przeł. Stanisław Dymus]. |
|
| 260 |
_aWarszawa : _bPaństw. Wydawn. Nauk., _c1978. |
||
| 300 |
_as. 222 : _brys., ilustr. |
||
| 490 | 1 |
_aBiblioteka Problemów ; _vT. 240 |
|
| 830 | _aBiblioteka Problemów ; | ||
| 040 | _cBPK | ||
| 041 | _apol | ||
| 080 | _a53 | ||
| 942 | _cKS | ||
| 008 | s pl f |000 0 pol | ||
| 999 |
_c9545 _d9545 |
||
| 856 |
_uhttp://koha.tu.koszalin.pl/cgi-bin/koha/opac-detail.pl?biblionumber=9545 _yKatalog online BPK |
||